Marvel Heroes Starting with K (by picture) - Statistics

General Stats
  • This quiz has been taken 73 times
  • The average score is 4 of 8
Answer Stats
Picture Answer % Correct
Korg
93%
Ka-Zar
73%
Kingo
61%
Karnak
48%
Karma
41%
Kaine
30%
Krugarr
23%
Komodo
16%
No matching quizzes found
Score Distribution
Percent of People with Each Score
Percentile by Number Answered
Your Score History
You have not taken this quiz